Manuales de capacitación tecnológica MINERD (Record no. 9985)

MARC details
000 -LEADER
campo de control de longitud fija 00434nam a2200145Ia 4500
001 - NÚMERO DE CONTROL
campo de control 4320
008 - DATOS DE LONGITUD FIJA--INFORMACIÓN GENERAL
campo de control de longitud fija 241024s9999 xx 000 0 und d
082 ## - NÚMERO DE LA CLASIFICACIÓN DECIMAL DEWEY
Número de clasificación RD/006.07/R426ma
100 ## - ENTRADA PRINCIPAL--NOMBRE DE PERSONA
Nombre de persona República Dominicana. Ministerio de Educación, MINERD. Dirección General de Tecnología
245 #0 - MENCIÓN DEL TÍTULO
Título Manuales de capacitación tecnológica MINERD
260 ## - PUBLICACIÓN, DISTRIBUCIÓN, ETC.
Nombre del editor, distribuidor, etc. Santo Domingo
590 ## - NOTA LOCAL (RLIN)
Nota local si
901 ## - ELEMENTOS DE DATOS A LOCAL LDA (RLIN)
a 30/8/2016 3:59:28 p.m.

No items available.

© 2024. Todos los Derechos Reservados. Desarrollado por IDEICE